| 000 | 00672nam a2200229Ia 4500 | ||
|---|---|---|---|
| 008 | 191130s2009##################000#0#eng## | ||
| 020 | _a9780324595475 | ||
| 022 | _a2008936672 | ||
| 040 |
_aACL _cACL |
||
| 082 | _a650.01513 DEI | ||
| 100 | _aDeitz, James E | ||
| 245 |
_aContemporary business mathematics for colleges _cJames E. Deitz, James L. Southam |
||
| 250 | _a15th ed | ||
| 260 |
_aMason, OH _bThomson South-Western _c2009 |
||
| 300 | _axv, 368 p. : col. ill. ; 28 cm | ||
| 500 | _aIncludes index | ||
| 650 | _aBusiness mathematics | ||
| 700 | _aSoutham, James L | ||
| 990 | _aeb0ebb52ac10000c7ad8694851fd5373 | ||
| 991 | _a125104 | ||
| 999 |
_c137973 _d137973 |
||